01447nam a2200385Ia 4500001001200000003000800012006001900020007001500039008004100054010001700095020001500112020002200127020001500149040002100164035002100185050002300206082001700229245010400246250001200350260005000362300001400412504006600426533015200492650003000644650001800674651003900692651003900731651004200770651004200812655002900854700001800883710001700901856012600918999001701044ebr10093688CaPaEBRm u cr cn|||||||||950608s1996 enk sb 001 0 eng d z 95021912  z0714646229 z0714641545 (pbk.) z0203988361 aCaPaEBRcCaPaEBR a(OCoLC)22637661514aD465b.G753 1996eb04a327.560422004aThe Great Powers and the end of the Ottoman Empireh[electronic resource] /cedited by Marian Kent. a2nd ed. aLondon ;aPortland, Or. :bFrank Cass,c1996. ax, 237 p. aIncludes bibliographical references (p. [206]-216) and index. aElectronic reproduction.bPalo Alto, Calif. :cebrary,d2009.nAvailable via World Wide Web.nAccess may be limited to ebrary affiliated libraries. 0aEastern question (Balkan) 0aGreat powers. 0aEuropexForeign relationszTurkey. 0aTurkeyxForeign relationszEurope. 0aEuropexForeign relationsy1871-1918. 0aEuropexForeign relationsy1918-1945. 7aElectronic books.2local1 aKent, Marian.2 aebrary, Inc.40uhttp://site.ebrary.com/lib/rucke/Doc?id=10093688zAn electronic book accessible through the World Wide Web; click to view c99487d99487